Weapons of Mass Deception (Record no. 333553)
[ view plain ]
| 000 -LEADER | |
|---|---|
| fixed length control field | 00538nam a2200097Ia 4500 |
| 008 - FIXED-LENGTH DATA ELEMENTS--GENERAL INFORMATION | |
| fixed length control field | 170517s9999 xx 000 0 und d |
| 245 ## - TITLE STATEMENT | |
| Title | Weapons of Mass Deception |
| 300 ## - PHYSICAL DESCRIPTION | |
| Extent | WMD, a 100 minute non-fiction film, explores this story with the findings of a gutsy, media insider-turned-outsider, former network journalist, Danny Schechter, who is one of America's most prolific media critics. Schechter says he "self-embedded" himself in his living... |
| 650 ## - SUBJECT ADDED ENTRY--TOPICAL TERM | |
| General subdivision | Media. |
| 856 ## - ELECTRONIC LOCATION AND ACCESS | |
| Uniform Resource Identifier | <a href="http://topdocumentaryfilms.com/weapons-of-mass-deception/">http://topdocumentaryfilms.com/weapons-of-mass-deception/</a> |
| Withdrawn status | Lost status | Damaged status | Home library | Current library | Date acquired | Total Checkouts | Date last seen | Price effective from | Koha item type |
|---|---|---|---|---|---|---|---|---|---|
| College Library | College Library | 05/17/2017 | 05/17/2017 | 05/17/2017 | Documentary Films |